00408nam a2200145 4500001000700000003000900007005001700016007000300033008004100036100001200077245007400089260004100163300002400204852003400228143264ES-MaACL20230906200750.0t|070214s1947 xxk r ||||1| eng d1 aSen, B.10aA short sketch of english local government administration / cB. Sen. aLondon : bStevens and Sons, c1947. aX, 57 p. ; c22 cm. aES-MaACLj1581-F-11 bR.24162